[Event "Montigny le Bretonneux Noel op 16th"]
[Site "Montigny le Bretonneux"]
[Date "2015.12.27"]
[Round "1"]
[White "Fruchard, Cyrille"]
[Black "Delpech, Olivier"]
[Result "1-0"]
[WhiteElo "2195"]
[BlackElo "1665"]
[PlyCount "65"]
[EventDate "2015.12.27"]
[EventType "swiss"]
[EventRounds "7"]
[EventCountry "FRA"]
[SourceTitle "CBM 170 Extra"]
[Source "ChessBase"]
[SourceDate "2016.02.25"]
[SourceVersion "1"]
[SourceVersionDate "2016.02.25"]
[SourceQuality "1"]

1. d4 f5 2. c4 Nf6 3. Nc3 g6 4. e3 Bg7 5. Bd3 Nc6 6. Nf3 d6 7. d5 Nb4 8. Qa4+ Nd7 9. Qxb4 Nc5 10. Be2 a5 11. Qa3 Bd7 12. Nb5 e5 13. dxe6 Bxe6 14. Nbd4 Bf7 15. Qc3 0-0 16. Qc2 Qe7 17. 0-0 c6 18. b3 a4 19. Rb1 a3 20. b4 Ne4 21. Rb3 c5 22. bxc5 Nxc5 23. Rxa3 Rxa3 24. Bxa3 Ra8 25. Bxc5 dxc5 26. Nb5 Re8 27. g3 b6 28. Rd1 Rd8 29. Rxd8+ Qxd8 30. Qd2 Qxd2 31. Nxd2 Bf6 32. Bf3 Kg7 33. Bd5 1-0

[Event "Montigny le Bretonneux-A 14th"]
[Site "Montigny le Bretonneux"]
[Date "2015.10.24"]
[Round "8.4"]
[White "David, Frederic"]
[Black "Fruchard, Cyrille"]
[Result "1/2-1/2"]
[WhiteElo "1942"]
[BlackElo "2148"]
[PlyCount "77"]
[EventDate "2015.10.17"]
[EventType "tourn"]
[EventRounds "9"]
[EventCountry "FRA"]
[SourceTitle "EXT 2024"]
[Source "ChessBase"]
[SourceDate "2023.10.10"]
[SourceVersion "1"]
[SourceVersionDate "2023.10.10"]
[SourceQuality "1"]

1. Nf3 Nf6 2. c4 g6 3. g3 Bg7 4. Bg2 0-0 5. 0-0 d6 6. d4 Nbd7 7. Nc3 e5 8. e4 Re8 9. h3 exd4 10. Nxd4 Nc5 11. Re1 a5 12. Qc2 Nfxe4 13. Nxe4 Bxd4 14. Bg5 Qd7 15. Nf6+ Bxf6 16. Bxf6 Re6 17. Qc3 c6 18. f4 Na4 19. Qc2 Rxf6 20. Qxa4 Re6 21. Qc2 Qc7 22. Qd2 Qb6+ 23. Kh1 Qc5 24. b3 Qb4 25. Qf2 Bd7 26. Rxe6 Bxe6 27. g4 Qc5 28. Qxc5 dxc5 29. Re1 a4 30. Re5 axb3 31. axb3 Ra1+ 32. Kh2 Kf8 33. f5 Bc8 34. fxg6 fxg6 35. Rxc5 Rb1 36. Ra5 Be6 37. Ra8+ Kg7 38. Rb8 Rxb3 39. Bxc6 1/2-1/2

[Event "Montigny le Bretonneux-A 14th"]
[Site "Montigny le Bretonneux"]
[Date "2015.10.23"]
[Round "7.3"]
[White "Fruchard, Cyrille"]
[Black "Forissier, Nicolas"]
[Result "1-0"]
[WhiteElo "2148"]
[BlackElo "1979"]
[PlyCount "81"]
[EventDate "2015.10.17"]
[EventType "tourn"]
[EventRounds "9"]
[EventCountry "FRA"]
[SourceTitle "EXT 2024"]
[Source "ChessBase"]
[SourceDate "2023.10.10"]
[SourceVersion "1"]
[SourceVersionDate "2023.10.10"]
[SourceQuality "1"]

1. d4 Nf6 2. c4 g6 3. Nc3 d5 4. cxd5 Nxd5 5. e4 Nxc3 6. bxc3 Bg7 7. Bc4 0-0 8. Ne2 c5 9. 0-0 cxd4 10. cxd4 Nc6 11. Be3 Bg4 12. f3 Na5 13. Bd3 Bd7 14. Qd2 a6 15. Rac1 b5 16. Rc2 Rc8 17. Rxc8 Bxc8 18. Rc1 Nb7 19. Qc3 Nd6 20. Qc7 e6 21. Bf4 Nb7 22. Qxd8 Rxd8 23. Kf2 Bf8 24. Bg5 Re8 25. Ke3 Na5 26. Bf6 Bb7 27. h4 Rc8 28. Rxc8 Bxc8 29. d5 Bd7 30. Nf4 Bd6 31. e5 Bc5+ 32. Ke2 exd5 33. Nxd5 Nc4 34. Bxc4 bxc4 35. Be7 Bd4 36. Nf6+ Kg7 37. Nxd7 a5 38. Bf6+ Kg8 39. e6 Bxf6 40. Nxf6+ Kf8 41. Nxh7+ 1-0